Top 'D' Girls' Names by Decade (France) Quiz Stats

 Plays Quiz not verified by Sporcle

Support Sporcle.
Go Orange.
Score 0/60 Timer 10:00
0 Plays Today
Year Name % Correct
1910Danielle
83.8%
1920Danielle
83.8%
1930Danielle
83.8%
1940Danielle
83.8%
1950Danielle
83.8%
1960Danielle
83.8%
1970Danielle
83.8%
1980Diane
82.4%
1990Diane
82.4%
2000Diane
82.4%
2010Diane
82.4%
2010Diana
76.5%
1900Denise
72.8%
1910Denise
72.8%
1920Denise
72.8%
1930Denise
72.8%
1940Denise
72.8%
1950Denise
72.8%
1960Denise
72.8%
1980Deborah
68.4%
1990Deborah
68.4%
2000Deborah
68.4%
1940Dominique
62.5%
1950Dominique
62.5%
1960Dominique
62.5%
1970Dominique
62.5%
1980Dominique
62.5%
2010Daphné
58.8%
1900Desiree
56.6%
1910Desiree
56.6%
Year Name % Correct
1920Desiree
56.6%
1930Desiree
56.6%
1900Delphine
48.5%
1900Dorothee
48.5%
1910Delphine
48.5%
1910Dorothee
48.5%
1920Delphine
48.5%
1970Delphine
48.5%
1970Dorothee
48.5%
1980Delphine
48.5%
1980Dorothee
48.5%
1990Delphine
48.5%
2000Delphine
48.5%
1930Daniele
47.8%
1940Daniele
47.8%
1940Danièle
47.8%
1950Daniele
47.8%
1950Danièle
47.8%
1960Daniele
47.8%
2010Dina
47.8%
1920Dolores
41.9%
1930Dolores
41.9%
1900Doria
37.5%
1990Doriane
25.7%
2000Doriane
25.7%
1960Dany
16.2%
1970Dalila
15.4%
1990Dounia
14%
2000Dounia
14%
2010Dounia
14%

You're not logged in!

Compare scores with friends on all Sporcle quizzes.
OR
Log In

From the Vault

Happy, Sad, Lonely or Crazy Songs

by JoeBeta

Try not to hold all these emotions at once. It'll be confusing.
Remove Ads.
Support Sporcle.
Get the best of Sporcle when you Go Orange. This ad-free experience offers more features, more stats, and more fun while also helping to support Sporcle. Thank you for becoming a member.

Show Comments

Extras

Top Quizzes Today


Score Distribution

Your Account Isn't Verified!

In order to create a playlist on Sporcle, you need to verify the email address you used during registration. Go to your Sporcle Settings to finish the process.

Report this User

Report this user for behavior that violates our Community Guidelines.

Details: